Journal of East European Management Studies

Uložené v:
Podrobná bibliografia
Médium: Seriál
Jazyk:English
Vydavateľské údaje: Mering Reiner Hampp Verlag 2018
Tagy: Pridať tag
Žiadne tagy, Buďte prvý, kto otaguje tento záznam!

MARC

LEADER 00000nas2a2200000 4500
001 0249566
005 20230130134141.2
022 |a 0949-6181 
041 0 |a eng 
044 |a DE 
245 1 0 |a Journal of East European Management Studies 
264 1 |a Mering  |b Reiner Hampp Verlag  |c 2018 
773 0 |w eu_un_cat*s123747 
774 0 |w eu_un_cat*0290668